000 01280nam a2200337 i 4500
001 768714001
003 CO-MdFUSB
005 20240130140903.0
007 ta
008 240130t2011 sp |||| |||| 00| 0 spa d
020 _a9788499451794
040 _aCO-MdFUSB
_bspa
_cCO-MdFUSB
_dCO-MdFUSBC
_erda
041 _aspa
082 _223
_aG 296.155
_bD869
100 _aDuhaime, Jean,
_eautor
245 4 _aLos rollos del mar muerto
_c/ Jean Duhaime , Thierry Legrand
264 1 _bVerbo Divino,
_aEspaña :
_c[2011]
264 4 _c©2011
300 _a160 páginas
_c; 19 cm
336 _2rdacontent
_atexto
_btxt
337 _2rdamedia
_asin mediación
_bn
338 _2rdacarrier
_avolumen
_bnc
490 _aDocumentos en torno a la Biblia
505 _aLos descubrimientos de Qumrán y los manuscritos del mar muerto. -- Textos bíblicos y deuterocanónicos. -- Literatura exegética y parabíblica. -- Reglas, documentos legales y similares. -- Recopilaciones poéticas, litúrgicas y sapienciales. -- Documentos mágicos y apocalípticos. -- La aportación de los textos de Qumrán.
563 _aRústico
650 7 _aComunidad de Qumrán
_980
653 _aRollos del mar muerto
700 _aLegrand, Thierry,
_99074
_eautor
942 _cBK
945 _aJTF-925
999 _c69284
_d69284